ბათუმის შოთა რუსთაველის სახელმწიფო უნივერსიტეტის ბიბლიოთეკა

Deutsche Literaturgeschichte Band 5: (ბიბ.ჩანაწერი № 62160)

000 -LEADER
fixed length control field 00741nam a22002057a 4500
005 - DATE AND TIME OF LATEST TRANSACTION
control field 20240724172432.0
008 - FIXED-LENGTH DATA ELEMENTS--GENERAL INFORMATION
fixed length control field 240724s1997 ge ||||| |||| 00| 0 ger d
020 ## - INTERNATIONAL STANDARD BOOK NUMBER
International Standard Book Number 9783423033459 X
080 ## - UNIVERSAL DECIMAL CLASSIFICATION NUMBER
Universal Decimal Classification number 821.112.2.09 B-78
100 ## - MAIN ENTRY--PERSONAL NAME
Personal name Borries, Erika
9 (RLIN) 22934
245 ## - TITLE STATEMENT
Title Deutsche Literaturgeschichte Band 5:
Remainder of title Romantik /
Statement of responsibility, etc. Erik Borries, Ernst Borries
264 ## - PRODUCTION, PUBLICATION, DISTRIBUTION, MANUFACTURE, AND COPYRIGHT NOTICE
Place of production, publication, distribution, manufacture München :
Name of producer, publisher, distributor, manufacturer Deutscher Taschenbuch Verlag,
Date of production, publication, distribution, manufacture, or copyright notice 1997.
300 ## - PHYSICAL DESCRIPTION
Extent 447 p.:
Other physical details 20 cm.
440 ## - SERIES STATEMENT/ADDED ENTRY--TITLE
Title Dtv
9 (RLIN) 22940
653 ## - INDEX TERM--UNCONTROLLED
keyword Deutsche Literaturgeschichte
653 ## - INDEX TERM--UNCONTROLLED
keyword Romantik
653 ## - INDEX TERM--UNCONTROLLED
keyword გერმანული ლიტერატურის ისტორია რომანტიკა
700 ## - ADDED ENTRY--PERSONAL NAME
Personal name Borries, Ernst
9 (RLIN) 22939
942 ## - ADDED ENTRY ELEMENTS (KOHA)
Source of classification or shelving scheme
Koha item type წიგნი
ეგზემპლარები
Withdrawn status Lost status Source of classification or shelving scheme Damaged status Not for loan Permanent Location Current Location Shelving location Date acquired Cost, normal purchase price Full call number Barcode Date last seen Copy number Price effective from Koha item type Public note
          ბათუმის შოთა რუსთაველის სახელმწიფო უნივერსიტეტის მთავარი ბიბლიოთეკა ბათუმის შოთა რუსთაველის სახელმწიფო უნივერსიტეტის მთავარი ბიბლიოთეკა წიგნსაცავი 2024-07-24 70.00 821.112.2.09 B-78 68841 2024-07-24 68841 2024-07-24 წიგნი 70.00
          ბათუმის შოთა რუსთაველის სახელმწიფო უნივერსიტეტის მთავარი ბიბლიოთეკა ბათუმის შოთა რუსთაველის სახელმწიფო უნივერსიტეტის მთავარი ბიბლიოთეკა წიგნსაცავი 2025-09-17 102.00 821.112.2.09 B-78 72348 2025-09-17 72348 2025-09-17 წიგნი 102.00
          ბათუმის შოთა რუსთაველის სახელმწიფო უნივერსიტეტის მთავარი ბიბლიოთეკა ბათუმის შოთა რუსთაველის სახელმწიფო უნივერსიტეტის მთავარი ბიბლიოთეკა წიგნსაცავი 2025-09-17 102.00 821.112.2.09 B-78 72349 2025-09-17 72349 2025-09-17 წიგნი 102.00